Informace v přípravě investiční výstavby /

Gespeichert in:
Bibliographische Detailangaben
1. Verfasser: Peřich, Václav (Verfasst von)
Format: Buch
Veröffentlicht: Praha : ÚVTEI, 1987
Tags: Tag hinzufügen
Keine Tags, Fügen Sie das erste Tag hinzu!

MARC

LEADER 00000nam a22000003a 4500
001 stu20226
005 20150617225752.3
008 ------s1987----cs----------------------d
040 |a STU  |b slo 
041 0
044 |a cs 
080 |a 330.322  |7 stu_us_auth*stu5474 
100 1 |a Peřich, Václav  |4 aut 
245 1 |a Informace v přípravě investiční výstavby /  |c [aut.]Peřich,Václav 
260 |a Praha :  |b ÚVTEI,  |c 1987 
300 |a 124 s :  |b Obr.,tab.,lit 
996 |b CB384  |c C*B384  |l CCXIV  |s P  |a 0  |w stu20226_0001